<?xml version="1.0" encoding="UTF-8"?>
<record
    xmlns:xsi="http://www.w3.org/2001/XMLSchema-instance"
    xsi:schemaLocation="http://www.loc.gov/MARC21/slim http://www.loc.gov/standards/marcxml/schema/MARC21slim.xsd"
    xmlns="http://www.loc.gov/MARC21/slim">

  <leader>01509nam a22001817a 4500</leader>
  <controlfield tag="003">NUST</controlfield>
  <datafield tag="040" ind1=" " ind2=" ">
    <subfield code="a">0</subfield>
  </datafield>
  <datafield tag="082" ind1=" " ind2=" ">
    <subfield code="a">005.1,SHE</subfield>
  </datafield>
  <datafield tag="100" ind1=" " ind2=" ">
    <subfield code="a">Shehryar, Muhammad </subfield>
    <subfield code="9">114304</subfield>
  </datafield>
  <datafield tag="245" ind1=" " ind2=" ">
    <subfield code="a">Web Based Application to Detect Tuberculosis using CXR /</subfield>
    <subfield code="c">GC Muhammad Shehryar, GC Alamgir Hasni, GC Mudassir Ahmed, GC Zeeshan Saqib</subfield>
  </datafield>
  <datafield tag="264" ind1=" " ind2=" ">
    <subfield code="a">MCS, NUST </subfield>
    <subfield code="b">Rawalpindi</subfield>
    <subfield code="c"> 2023</subfield>
  </datafield>
  <datafield tag="300" ind1=" " ind2=" ">
    <subfield code="a">50 p</subfield>
  </datafield>
  <datafield tag="505" ind1=" " ind2=" ">
    <subfield code="a">Tuberculosis is a very infectious respiratory disease and is currently the leading cause of mortality worldwide, ranking higher than both malaria and HIV/AIDS. As a result, it is vital to promptly diagnose TB to limit its transmission, enhance preventative measures, and reduce the mortality rate associated with the disease. Various procedures and tools have been employed to diagnose TB early, practically all of which needed a visit to the doctor and were not available to the public. This work presents an automated and accurate approach for diagnosing TB that may be used by the general population and does not require special imaging equipment or conditions. An application will be developed for the detection of TB using CXRs and deep learning techniques. The application will use a convolutional neural network (CNN) to classify CXRs as normal or indicative of TB. The CNN will be trained on dataset of annotated CXRs to learn the relevant features for TB detection.</subfield>
  </datafield>
  <datafield tag="650" ind1=" " ind2=" ">
    <subfield code="a">UG BESE</subfield>
    <subfield code="9">114271</subfield>
  </datafield>
  <datafield tag="690" ind1=" " ind2=" ">
    <subfield code="a">BESE-25 </subfield>
    <subfield code="9">114270</subfield>
  </datafield>
  <datafield tag="700" ind1=" " ind2=" ">
    <subfield code="a">Supervisor Dr. Nauman Ali</subfield>
    <subfield code="9">114305</subfield>
  </datafield>
  <datafield tag="942" ind1=" " ind2=" ">
    <subfield code="2">ddc</subfield>
    <subfield code="c">PR</subfield>
  </datafield>
  <datafield tag="999" ind1=" " ind2=" ">
    <subfield code="c">595669</subfield>
    <subfield code="d">595669</subfield>
  </datafield>
  <datafield tag="952" ind1=" " ind2=" ">
    <subfield code="0">0</subfield>
    <subfield code="1">0</subfield>
    <subfield code="4">0</subfield>
    <subfield code="7">0</subfield>
    <subfield code="a">MCS</subfield>
    <subfield code="b">MCS</subfield>
    <subfield code="c">GEN</subfield>
    <subfield code="d">2023-08-30</subfield>
    <subfield code="l">1</subfield>
    <subfield code="o">005.1,SHE</subfield>
    <subfield code="p">MCSPCS-456</subfield>
    <subfield code="r">2024-05-14</subfield>
    <subfield code="s">2024-05-09</subfield>
    <subfield code="w">2023-08-30</subfield>
    <subfield code="y">PR</subfield>
  </datafield>
</record>
